| 000 | 01863nmm a2200469 a 4500 | ||
|---|---|---|---|
| 001 | ocm0002348275 | ||
| 003 | TR-IsHL | ||
| 005 | 20201028185730.0 | ||
| 008 | 191121s2018 tu tur | ||
| 007 | cr cn | ||
| 020 | _a9786059579377 | ||
| 035 |
_a2348275 _b(N$T) |
||
| 050 | 0 | 4 |
_aNA2850 _b.N65 2018 |
| 090 | 0 | 4 |
_aNA2850 _b.N65 2018 |
| 245 | 1 | 0 |
_aNoktadan mekana 2: Dokuz Eylül Üniversitesi mimari tasarım birinci sınıf (İşler - Çalışmalar) _h[electronic resource] / _ceditörler Özlem Arıtan, Burcu Gülay Taşçı, Ebru Güller, Nurten Özdemir ; yazarlar Ahmet İlker Yalıner Burcu Gülay Taşçı Can Hazal Ar Didem Akyol Altun Ebru Güller Emel Kayın Fulya Selçuk Gamze Saygı Hasan Begeç Hüsamettin Özkaymakçı İlknur Türkseven Doğrusoy ; çizimler Rafet Utku ; fotograf Emre Tuncer |
| 260 |
_aİstanbul : _bYalın Yayıncılık, _c2018 |
||
| 300 | _a202 p. | ||
| 500 | _aKaynakça sayfa:202 | ||
| 650 | 4 | _aMimarlık ve Tasarım | |
| 650 | 4 | _aArchitecture and Design | |
| 650 | 0 | _aMimari tasarım | |
| 650 | 0 | _aArchitectural design | |
| 650 | 7 |
_aARCHITECTURE / Design, Drafting, Drawing & Presentation _2bisacsh |
|
| 700 | 1 | _aArıtan, Özlem | |
| 700 | 1 | _aTaşçı, Burcu Gülay | |
| 700 | 1 | _aGüller, Ebru | |
| 700 | 1 | _aÖzdemir, Nurten | |
| 700 | 1 | _aYalıner, Ahmet İlker | |
| 700 | 1 | _aTaşçı, Burcu Gülay | |
| 700 | 1 | _aAr, Can Hazal | |
| 700 | 1 | _aAltun, Didem Akyol | |
| 700 | 1 | _aGüller, Ebru | |
| 700 | 1 | _aKayın, Emel | |
| 700 | 1 | _aSelçuk, Fulya | |
| 700 | 1 | _aSaygı, Gamze | |
| 700 | 1 | _aBegeç, Hasan | |
| 700 | 1 | _aÖzkaymakçı, Hüsamettin | |
| 700 | 1 | _aDoğrusoy, İlknur Türkseven | |
| 700 | 1 | _aUtku, Rafet | |
| 700 | 1 | _aTuncer, Emre | |
| 856 | 4 | 0 | _uhttp://search.ebscohost.com/login.aspx?direct=true&scope=site&db=e011xww&AN=2348275 |
| 999 |
_c21597 _d21597 |
||